| 000 | 01125nam a22002657a 4500 | ||
|---|---|---|---|
| 001 | BRCA_9428 | ||
| 003 | FranzMayer | ||
| 005 | 20230918130613.0 | ||
| 008 | 230906b |||||||| |||| 00| 0 eng d | ||
| 020 | _a3861020939 | ||
| 040 |
_aMFM _bESPAÑOL _cMFM |
||
| 050 | 0 |
_aCB29 _bD46 1997 |
|
| 110 | 1 |
_4Responsable _aDHM _929687 |
|
| 240 |
_aBilder imd zeugnisse der deutschen geschichte 1 _hAus den Sammlungen des Deutschen Historischen Museums _lAlemán |
||
| 245 | 0 |
_aBilder imd zeugnisse der deutschen geschichte 1 _bAus den Sammlungen des Deutschen Historischen Museums |
|
| 260 |
_aBerlín, Alemania _bDHM _c1997 |
||
| 300 |
_a428 p _bIlustraciones a color _c30 cm |
||
| 440 |
_aBilder imd zeugnisse der deutschen geschichte 1 _nTomo I _pAus den Sammlungen des Deutschen Historischen Museums _929688 |
||
| 500 | _aAnexo 1 | ||
| 505 | _aTexto en: alemánIncluye índice temáticoDirigido a: historiadores, antropólogos | ||
| 650 | 1 |
_2Historia _aHistoria antigua _vAlemania _929689 |
|
| 651 | 2 |
_2Europa _aAlemania _vHistoria alemana _929690 |
|
| 700 | 1 |
_4Graf _aWeissenfeld, Michael Bauer _929691 |
|
| 942 |
_2lcc _cB |
||
| 999 |
_c11050 _d11050 |
||